| 000 | 00701nas a2200229Ia 4500 | ||
|---|---|---|---|
| 001 | A03/R024-43489 | ||
| 003 | IT-MiCISF | ||
| 005 | 20241209121821.0 | ||
| 008 | 161014c99999999xx |||||||||||| ||und|| | ||
| 040 |
_aIT-MiCISF _cIT-MiCISF |
||
| 041 | _ait | ||
| 100 |
_aLaffi Stefano, Bertazzoni Anna Maria _961169 |
||
| 245 | 0 | _aUno sguardo ecologico sui bambini. L'Istituto degl'Innocenti mette la stampa ai "raggi X" | |
| 250 | _a"Famiglia oggi", n. 5/6, maggio-giugno | ||
| 260 | _c2007 | ||
| 300 | _app. 86-92 | ||
| 500 | _ainformazione, infanzia, metodo-d'indagine, comunicazione, problemi-infanzia | ||
| 650 | _amass-media | ||
| 654 | _aindagine | ||
| 942 |
_cCR _2ddc |
||
| 999 |
_c243659 _d243659 |
||
| 999 | _bSi | ||